ARRUPE JESUIT UNIVERSITY

CORONAVIRUS -STOP THE SPREAD - CLEAN,DISINFECT,COVER

African mysteries : (Record no. 124152)

MARC details
000 -LEADER
fixed length control field 00607cam a2200205 i 4500
001 - CONTROL NUMBER
control field 2692795
003 - CONTROL NUMBER IDENTIFIER
control field ARRUPE
005 - DATE AND TIME OF LATEST TRANSACTION
control field 20160503094519.0
008 - FIXED-LENGTH DATA ELEMENTS--GENERAL INFORMATION
fixed length control field 760610s1935 sa f 000 0 eng d
035 ## - SYSTEM CONTROL NUMBER
System control number (OCoLC)ocm02220095
040 ## - CATALOGING SOURCE
Original cataloging agency EXN
Transcribing agency EXN
Modifying agency OCL
-- ZCU
050 ## - LIBRARY OF CONGRESS CALL NUMBER
Classification number SPC PZ3.L567A4
099 ## - LOCAL FREE-TEXT CALL NUMBER (OCLC)
Classification number 967
-- L5683
300 ## - PHYSICAL DESCRIPTION
Dimensions 25 cm.
100 1# - MAIN ENTRY--PERSONAL NAME
Personal name Letcher, Owen.
9 (RLIN) 21740
245 10 - TITLE STATEMENT
Title African mysteries :
Remainder of title strange and true stories of the Congo and adjacent territories /
Statement of responsibility, etc by Owen Letcher.
260 ## - PUBLICATION, DISTRIBUTION, ETC. (IMPRINT)
Place of publication, distribution, etc Johannesburg :
Name of publisher, distributor, etc Pan African Publications,
Date of publication, distribution, etc 1935.
300 ## - PHYSICAL DESCRIPTION
Extent 62 p.,
942 ## - ADDED ENTRY ELEMENTS (KOHA)
Source of classification or shelving scheme Library of Congress Classification
Koha item type SPC
Holdings
Withdrawn status Lost status Source of classification or shelving scheme Damaged status Not for loan Collection code Home library Current library Shelving location Date acquired Total Checkouts Full call number Barcode Date last seen Price effective from Koha item type
    Library of Congress Classification     SPECIAL Collection ARRUPE LIBRARY ARRUPE LIBRARY Reference 10/02/2016   SPC PZ3.L567 A4 46500006226 10/02/2016 10/02/2016 SPC

 

Arrupe Library. PO Box MP320 Mt Pleasant, Harare, Zimbabwe
263 242 745411|librarian@aju.ac.zw